000 01266cam a2200337 a 4500
003 CHAP
005 20220329142042.0
008 990429s1998 mx o00110 spa d
010 _a77649
011 _a78621
035 _a88636
040 _cCHAP
082 _a607
_bP76 Oax.
110 2 _aPrograma Elemental de Asistencia Técnica. México
_992318
245 0 _aEvaluación del programa en el estado de :
_bOaxaca PEAT-97
_c/coord. por Colegio de Ingenieros Agrónomos de México. A.C.
260 _aMéxico, D.F. :
_bInstituto Nacional de Capacitación del Sector Agropecuario, A.C.,
_c[1998?]
300 _a115 p.
590 _aBATCH-UPD
_b10
_c20130110
_lUCH01
_h1146
590 _aBATCH-UPD
_b10
_c20130410
_lUCH01
_h0731
590 _aBATCH-UPD
_b10
_c20130914
_lUCH01
_h0049
590 _aBATCH-UPD
_b10
_c20130914
_lUCH01
_h1715
590 _aCONVERSION
_b10
_c20130109
_lUCH01
_h1343
650 1 4 _aAgricultura
_xOaxaca.
_91756
650 1 4 _aAyuda técnica.
_99035
650 1 4 _aProgramas de capacitación
_xEvaluación.
_992377
710 0 _aColegio de Ingenieros Agrónomos de México, A. C.
_925057
901 _aBK
905 _aLilia Sánchez G.
942 _cLIBRO
949 _a607 P76 Oax.
_bBC
_cLIBRO
_d33724000722500
_eLIBRO
_h95141
_i88636
_kDonaciØn
_sb
999 _c77649
_d77649